| 000 | 01211nam0a2200325 4500 | ||
|---|---|---|---|
| 001 | RU\NLR\PR\ONL\13799494 | ||
| 005 | 20260426073833.0 | ||
| 035 | _a(NLR Aleph) 022790405 | ||
| 090 |
_a13695936 _c13695936 |
||
| 100 | _a20260420d1967 m y0rusy50 ca | ||
| 101 | 0 | _alit | |
| 102 | _aLT | ||
| 105 | _ay z 000yy | ||
| 181 | 0 |
_ai _b xxe |
|
| 182 | 0 | _an | |
| 200 | 1 |
_aPriešnuodžių lentelė _fLietuvos TSR Sveikatos apsaugos ministerija. Vyriausioji farmacijos valdyba _gsudarė I. Šimkevičius _gats. red. J. Eišvydis |
|
| 203 |
_aТекст _bвизуальный _cнепосредственный |
||
| 210 |
_aVilnius _cVyriausioji farmacijos valdyba _d1967 |
||
| 215 |
_a115,[1] с. _cтабл. _d14 |
||
| 320 | _aБиблиогр. в конце кн. | ||
| 541 | 1 |
_aТаблица противоядий _zrus _7ca |
|
| 606 | 1 |
_aПротивоядия _jНоменклатурные справочники _91148716 _3RU\NLR\AUTH\66458215 |
|
| 686 | 1 | _aР284 | |
| 702 | 1 |
_aŠimkevičius _bJ. _4220 |
|
| 702 | 1 |
_aEišvydis _bJ. _f1898-1977 _gJonas _4340 |
|
| 801 | 0 |
_aRU _bNLR |
|
| 942 | _cBOOK | ||
| 945 | _aРоссийская национальная библиотека | ||
| 980 | _aNB | ||